| 000 | 00902nam a22002417a 4500 | ||
|---|---|---|---|
| 999 |
_c8023 _d8023 |
||
| 003 | AR-CdUCM | ||
| 008 | 190322b ||||| |||| 00| 0 spa d | ||
| 040 |
_aMUNICIPALIDAD PROVINCIAL DEL CUSCO _cBIBLIOTECA MUNICIPAL DEL CUSCO |
||
| 041 | _heng | ||
| 082 |
_a523.3 / _bB21 |
||
| 100 |
_aBranley, Franklyn M. _922673 |
||
| 245 |
_aLa luna : _bnuestro satélite natural / |
||
| 260 |
_aBuenos Aires : _bHobbs - Sudamericana, _c1964. |
||
| 300 |
_a174 páginas ; _bIlustraciones, _c18 cm. |
||
| 440 |
_aHombre y cosmos _922674 |
||
| 500 | _aTitulo original: The moon: earth´snatural satellite. | ||
| 505 | _aLa luz de la luna -- Los movimientos de la luna -- Por que se mantiene la luna en órbita -- Los eclipses -- La superficie de la luna ... | ||
| 650 |
_aSatélite natural _922675 |
||
| 650 |
_aLuna _922676 |
||
| 700 |
_aLah, Lado J. (traductor) _922677 |
||
| 942 |
_2ddc _cLIBROS |
||
| 945 | _aacv | ||